| 000 | 00454nam a2200181Ia 4500 | ||
|---|---|---|---|
| 001 | 11136 | ||
| 005 | 20260306161924.0 | ||
| 008 | 260306t2008||||xx |||||||||||||| ||spa|| | ||
| 041 | _aESP | ||
| 082 |
_a985.009 _bT95 |
||
| 100 |
_aTurpo Choquehuanca, Fortunato _eAUT |
||
| 245 | 0 |
_aCoronel Bolognesi: _bsu biografía documentada |
|
| 260 | _c2008 | ||
| 300 |
_a208 páginas : _c21 cm. |
||
| 650 | _aGEN | ||
| 654 | _aCHU | ||
| 942 |
_cLIB _dJUS _fJUS _2ddc _n |
||
| 999 |
_c11136 _d11136 |
||